| 000 | 00367cam a2200157ua 4500 | ||
|---|---|---|---|
| 041 |
_aeng _h |
||
| 082 |
_a630 _bPHI/AG |
||
| 100 | _aPhillips, J.A. | ||
| 245 | 0 | 0 |
_aAgricultural note book / _cJ.A.Phillips. _hTextual Documents |
| 250 |
_a2 / _b. |
||
| 260 |
_aNigeria : _bLongmans , _c1968. |
||
| 300 | _a248 ; . | ||
| 504 | _a | ||
| 942 | _cBK | ||
| 999 |
_c390 _d390 |
||